000 00336nam a22001457a 4500
020 _a81-8858-200-X
082 _a894.812.3
_bMAD/M
100 _aMADHAVIKUTTY
245 _aMALAYALATHINTE SUVARNNA KATHAKAL
260 _aTHRISSUR
_bGREEN BOOKS PRIVAT LIMITED
_c2009
300 _a152
520 _aNOVEL
650 _aNOVEL
942 _cBK
999 _c4964
_d4964